Tratado de los grupos vulnerables, políticas públicas y corrupción de funcionarios /

Detalles Bibliográficos
Otros Autores: Moreira Domingos, Isabela (Editor), Torres Manrique, Jorge Isaac (Editor), Bruzón Viltres, Carlos Justo (Editor, contributor agent of text.)
Formato: Electrónico eBook
Lenguaje:español
Publicado: Santiago, Chile : Ediciones Olejnik, [2022]
Colección:Biblioteca recientes y próximos escenarios de los ordenamientos jurídicos.
Materias:
Acceso en línea:Digitalia Hispánica

MARC

LEADER 00000nam a2200000Ii 4500
001 DIGOLEJNK1207
003 NyNyDIG
006 m o d
007 cr |||||||||||
008 251203s2022 cl ob 000 0 spa d
035 |a (OCoLC)1427227106 
040 |a DGITA  |b eng  |e rda  |e pn  |c DGITA 
020 |z 9789564071978 
050 1 4 |a K3400 ebook 
245 0 0 |a Tratado de los grupos vulnerables, políticas públicas y corrupción de funcionarios /  |c Isabela Moriera Domingos, Jorge Isaac Torres Manrique, Carlos Justo Bruzón Viltres, dirección científica ; prólogo, Carlos Justo Bruzón Viltres. 
264 1 |a Santiago, Chile :  |b Ediciones Olejnik,  |c [2022] 
300 |a 1 online resource. 
336 |a text  |b txt  |2 rdacontent 
337 |a computer  |b c  |2 rdamedia 
338 |a online resource  |b cr  |2 rdacarrier 
347 |a text file  |2 rdaft 
347 |b PDF 
490 1 |a Biblioteca recientes y próximos escenarios de los ordenamientos jurídicos  
504 |a Includes bibliographical references. 
588 0 |a Online resource; title from PDF title page (Digitalia, viewed December 3, 2025) 
650 0 |a Administrative law. 
650 0 |a Corruption. 
650 0 |a Public administration. 
700 1 |a Moreira Domingos, Isabela,  |e editor. 
700 1 |a Torres Manrique, Jorge Isaac,  |e editor. 
700 1 |a Bruzón Viltres, Carlos Justo,  |e editor,  |e contributor agent of text. 
791 2 |a Digitalia (Firm),  |e distributor. 
793 0 |g Digitalia eBook Collection:  |a Ediciones Olejnik 
776 0 8 |i Print version:  |t Tratado de los grupos vulnerables, políticas públicas y corrupción de funcionarios.  |b Primera edición en Ediciones Olejnik.  |d Santiago, Chile : Ediciones Olejnik, 2022  |z 9789564071978 
830 0 |a Biblioteca recientes y próximos escenarios de los ordenamientos jurídicos.  
856 4 0 |3 Digitalia Hispánica  |u https://www.digitaliapublishing.com/a/157713/ 
910 |a Premium collection: 2025